[Event "World Rapid Women 2019"]
[Site "Moscow RUS"]
[Date "2019.12.26"]
[Round "4.39"]
[White "Novikova, Anna"]
[Black "Mamedjarova, Zeinab"]
[Result "1-0"]
[WhiteTitle "WIM"]
[BlackTitle "WGM"]
[WhiteElo "2260"]
[BlackElo "2278"]
[WhiteFideId "4146794"]
[BlackFideId "13401521"]
[EventDate "2019.12.26"]
[EventType "rapid"]

1. e4 e5 2. Nf3 Nf6 3. Nxe5 d6 4. Nf3 Nxe4 5. Nc3 Nxc3 6. dxc3 Be7 7. Be3 Nc6 8.
Qd2 Be6 9. Bd3 Qd7 10. h3 O-O-O 11. O-O-O h6 12. Kb1 Ne5 13. Be2 Bf6 14. b3 c5
15. Nxe5 Bxe5 16. f4 Bf6 17. Bf3 Qc7 18. c4 h5 19. g4 g6 20. a4 Bxc4 21. f5 gxf5
22. gxf5 h4 23. Bf4 Qb6 24. Ka2 Bd4 25. Rb1 Ba6 26. Rhe1 Rde8 27. Rxe8+ Rxe8 28.
Re1 Rxe1 29. Qxe1 Qd8 30. Bd5 Qd7 31. Qxh4 Qxf5 32. Qg4 Qxg4 33. hxg4 Be2 34. g5
Bh5 35. Bxd6 Bg6 36. Kb1 Be3 37. Be7 Kd7 38. Bf6 b6 39. Bf3 Bd4 40. Bg4+ Kd6 41.
Bd8 Be5 42. a5 bxa5 43. Bxa5 Bf4 44. Bd8 Be4 45. Kb2 Bd5 46. c4 Be6 47. Bh5 Be5+
48. Ka3 Kd7 49. Bf6 Bxf6 50. gxf6 Kd6 51. Ka4 Ke5 52. Kb5 Kd4 53. Bf3 Bd7+ 54.
Bc6 Bf5 55. Bd5 Bg6 56. Kc6 Bh5 57. Kd6 a5 58. Ke7 Kc3 59. Bxf7 Bd1 60. Be8 Bxb3
61. f7 a4 62. f8=Q a3 63. Qf3+ Kb2 64. Qe2+ Kc3 65. Qe3+ Kb4 66. Qd2+ Kxc4 67.
Bf7+ 1-0

[Event "World Rapid Women 2019"]
[Site "Moscow RUS"]
[Date "2019.12.26"]
[Round "4.40"]
[White "Mikhaylova, Irina"]
[Black "Protopopova, Anastasiya"]
[Result "1-0"]
[WhiteTitle "WGM"]
[BlackTitle "WFM"]
[WhiteElo "2288"]
[BlackElo "2230"]
[WhiteFideId "4109040"]
[BlackFideId "24172073"]
[EventDate "2019.12.26"]
[EventType "rapid"]

1. d4 d5 2. Nf3 Nf6 3. c4 c6 4. cxd5 cxd5 5. Nc3 Nc6 6. Bf4 a6 7. Rc1 Bg4 8. Ne5
Bd7 9. e3 e6 10. Bd3 Be7 11. O-O O-O 12. Nxc6 Bxc6 13. Qe2 Qd7 14. Rc2 b5 15.
Rfc1 Rfc8 16. h3 h6 17. Nb1 Qb7 18. Nd2 Nd7 19. Nb3 Qb6 20. e4 Nf6 21. e5 Nd7
22. Be3 Bb7 23. f4 Rxc2 24. Qxc2 Rc8 25. Qd2 Qd8 26. f5 Rxc1+ 27. Qxc1 exf5 28.
Bxf5 Nf8 29. Qe1 Bc8 30. Bd3 Be6 31. Qa5 Qc8 32. Qb6 Nd7 33. Qa7 Bd8 34. Nc5
Nxc5 35. Qxc5 Qxc5 36. dxc5 Bd7 37. Kf2 Kf8 38. Bf4 g5 39. Bd2 Ke7 40. Ke3 Ke6
41. Bc3 Bc7 42. g4 Ke7 43. Kd4 Bc6 44. b4 f6 45. exf6+ Kxf6 46. Ke3+ Be5 47. Bd4
Bd7 48. Be2 Bc6 49. Bf3 Ke6 50. Bd1 Be8 51. Bc2 Kf6 52. Bf5 h5 53. Bc8 hxg4 54.
hxg4 Bc6 55. Bxa6 Bd7 56. Bb7 Bxg4 57. c6 Be6 58. c7 g4 59. c8=Q Bxc8 60. Bxc8
g3 61. Bh3 1-0

[Event "World Rapid Women 2019"]
[Site "Moscow RUS"]
[Date "2019.12.26"]
[Round "4.41"]
[White "Dauletova, Gulmira"]
[Black "Hejazipour, Mitra"]
[Result "1-0"]
[WhiteTitle "WIM"]
[BlackTitle "WGM"]
[WhiteElo "2250"]
[BlackElo "2277"]
[WhiteFideId "13702971"]
[BlackFideId "12505951"]
[EventDate "2019.12.26"]
[EventType "rapid"]

1. e4 c5 2. Nf3 e6 3. d4 cxd4 4. Nxd4 a6 5. c4 Nf6 6. Nc3 Qc7 7. a3 Nc6 8. Be3
d6 9. Be2 Be7 10. O-O O-O 11. Rc1 Nxd4 12. Qxd4 Bd7 13. b4 Rac8 14. Rfd1 Rfe8
15. f3 Qb8 16. a4 h6 17. Bf1 e5 18. Qd2 Be6 19. Nd5 Nxd5 20. exd5 Bd7 21. a5 f5
22. c5 Ba4 23. Re1 Bh4 24. g3 Be7 25. Qa2 Bb5 26. Bxb5 axb5 27. Qe2 f4 28. Bf2
fxg3 29. hxg3 Bg5 30. Rc2 Rf8 31. Kg2 Rf7 32. Qxb5 Rcf8 33. a6 Qa8 34. cxd6 bxa6
35. Qc6 Qb8 36. Rxe5 Rxf3 37. Bc5 Bd8 38. Re8 Rxe8 39. Qxe8+ Rf8 40. Qe6+ Kh8
41. d7 Rf6 42. Qe8+ Kh7 43. Bd4 Rg6 44. Be5 Qxb4 45. Re2 Qb5 46. Bf4 Qxd5+ 47.
Kh2 Qh5+ 48. Kg2 Qd5+ 49. Kh2 Bb6 50. Rd2 Qc5 51. Qe1 Bd8 52. Qe4 Qh5+ 53. Kg2
Qg4 54. Rd6 a5 55. Rd2 h5 56. Rd6 a4 57. Ra6 h4 58. Rxa4 Qxd7 59. Rd4 Qc8 60.
Rd6 Bf6 61. Re6 hxg3 62. Re8 Qa6 63. Qd5 1-0

[Event "World Rapid Women 2019"]
[Site "Moscow RUS"]
[Date "2019.12.26"]
[Round "4.42"]
[White "Komiagina, Maria"]
[Black "Fataliyeva, Ulviyya"]
[Result "0-1"]
[WhiteTitle "WIM"]
[BlackTitle "WGM"]
[WhiteElo "2233"]
[BlackElo "2387"]
[WhiteFideId "4153987"]
[BlackFideId "13403052"]
[EventDate "2019.12.26"]
[EventType "rapid"]

1. e4 e6 2. d4 d5 3. exd5 exd5 4. Nf3 Nf6 5. Bd3 c5 6. O-O Be7 7. dxc5 O-O 8.
Bg5 Nc6 9. h3 Bxc5 10. Nc3 Be6 11. Qd2 Be7 12. Rad1 Qb6 13. a3 Rfd8 14. Qf4 Qxb2
15. Nb5 Ne4 16. Bxe7 Nxe7 17. Nfd4 Nc3 18. Rde1 Nxb5 19. Nxb5 Ng6 20. Qg5 Rd7
21. f4 h6 22. Qg3 Ne7 23. Kh1 Nf5 24. Qf2 d4 25. Re5 Ne3 26. Re1 Bd5 27. Rg1 f6
28. Rh5 a6 29. Qg3 axb5 30. Qg6 f5 31. Rxh6 Nxg2 32. Qh7+ Kf7 33. Rxg2 Qc1+ 34.
Kh2 Qxf4+ 35. Kg1 Qxh6 36. Qxf5+ Ke7 37. Re2+ Be6 38. Qc5+ Kf7 39. Bxb5 Rd5 40.
Qc7+ Kg8 41. Rg2 Qe3+ 0-1

[Event "World Rapid Women 2019"]
[Site "Moscow RUS"]
[Date "2019.12.26"]
[Round "4.43"]
[White "Barchuk, Irina"]
[Black "Doluhanova, Evgeniya"]
[Result "1/2-1/2"]
[BlackTitle "WGM"]
[WhiteElo "2121"]
[BlackElo "2293"]
[WhiteFideId "14119005"]
[BlackFideId "14112035"]
[EventDate "2019.12.26"]
[EventType "rapid"]

1. e4 e5 2. Nf3 Nc6 3. d4 exd4 4. Bc4 Be7 5. c3 d3 6. Qb3 Na5 7. Bxf7+ Kf8 8.
Qa4 c6 9. Bxg8 Rxg8 10. Qd1 d5 11. Qxd3 dxe4 12. Qxe4 Qd5 13. Qf4+ Qf5 14. O-O
Qxf4 15. Bxf4 g5 16. Bc7 Nc4 17. b3 g4 18. Ne5 Nd6 19. f3 g3 20. hxg3 Nb5 21.
Ba5 Bc5+ 22. Kh1 Rg5 23. Ng4 Bxg4 24. fxg4+ Kg8 25. Rf5 Rxf5 26. gxf5 Re8 27.
Nd2 Re2 28. Nf3 Nd6 29. g4 Ne4 30. Nd4 Bxd4 31. cxd4 Nf2+ 32. Kg1 Nxg4 33. a4
Ne3 34. Re1 Rxe1+ 35. Bxe1 Nxf5 36. Bf2 a6 37. g4 Nd6 38. Kg2 Kf7 39. Kf3 Ke6
40. Kf4 h6 41. Ke3 Kd5 42. Bg3 Ne8 43. Bf4 Nf6 44. Kf3 Kxd4 45. Bxh6 Nxg4 46.
Bg7+ Kd3 47. Kxg4 Kc2 48. b4 Kb3 49. b5 cxb5 50. axb5 axb5 51. Kf4 b4 52. Ke3
Kc2 53. Kd4 b3 1/2-1/2

[Event "World Rapid Women 2019"]
[Site "Moscow RUS"]
[Date "2019.12.26"]
[Round "4.44"]
[White "Balaian, Alina"]
[Black "Borisova, Ekaterina"]
[Result "0-1"]
[WhiteTitle "WIM"]
[BlackTitle "FM"]
[WhiteElo "2243"]
[BlackElo "2344"]
[WhiteFideId "24115347"]
[BlackFideId "34124184"]
[EventDate "2019.12.26"]
[EventType "rapid"]

1. e4 d6 2. d4 Nf6 3. Nc3 e5 4. Nf3 Nbd7 5. Bc4 Be7 6. O-O O-O 7. Re1 c6 8. a4
a5 9. b3 h6 10. Bb2 Re8 11. Qd2 Qc7 12. Rad1 Nf8 13. dxe5 dxe5 14. Nh4 Bg4 15.
f3 Rad8 16. Qe2 Be6 17. Nf5 Bc5+ 18. Kh1 Bxf5 19. exf5 Bd4 20. Rd3 Qc8 21. g4 e4
22. fxe4 Bxc3 23. Bxc3 Rxe4 24. Re3 Rde8 25. Rxe4 Rxe4 26. Qf3 Rxe1+ 27. Bxe1
Qe8 28. Bxa5 N8d7 29. Be2 Ne5 30. Qg2 Qe7 31. c4 Qa3 32. Qg3 Qa1+ 33. Kg2 Qd4
34. Bc3 Qe4+ 35. Kf1 Nexg4 36. Bxf6 Qxf5+ 37. Kg1 Nxf6 38. Bd3 Qc5+ 39. Kg2 Qe7
40. Qb8+ Ne8 41. Qf4 Qd7 42. Qe3 Nf6 43. h3 g6 44. Qf3 Kg7 45. a5 Qd4 46. Kf1
Qa1+ 47. Kg2 Qxa5 48. Qe2 Qg5+ 49. Kh1 Nh5 50. Qb2+ Qf6 51. Qxf6+ Kxf6 52. Kh2
Nf4 53. Bc2 Ke5 54. Kg3 Ne2+ 55. Kf2 Nd4 56. Bd1 f5 57. b4 g5 58. Bh5 Nc2 59. b5
Kd4 60. Be8 Nb4 61. bxc6 bxc6 62. Bf7 Nd3+ 63. Kg3 Ne5 64. Be6 f4+ 65. Kf2 Nxc4
66. h4 Ne5 67. hxg5 hxg5 68. Bg8 c5 69. Bh7 c4 70. Ke2 g4 71. Kf2 g3+ 72. Ke2
f3+ 73. Kf1 Ke3 74. Bf5 Nd3 75. Kg1 c3 0-1

[Event "World Rapid Women 2019"]
[Site "Moscow RUS"]
[Date "2019.12.26"]
[Round "4.45"]
[White "Enkhtuul, Altan-Ulzii"]
[Black "Strutinskaia, Galina"]
[Result "0-1"]
[WhiteTitle "WGM"]
[BlackTitle "WGM"]
[WhiteElo "2200"]
[BlackElo "2214"]
[WhiteFideId "4901444"]
[BlackFideId "4108558"]
[EventDate "2019.12.26"]
[EventType "rapid"]

1. d4 d5 2. Nf3 Nf6 3. g3 c6 4. Bg2 Bf5 5. O-O h6 6. c4 e6 7. Nc3 Nbd7 8. Qb3
Qb6 9. c5 Qc7 10. Bf4 Qc8 11. Rac1 Be7 12. Qd1 Ne4 13. Ne5 Ndf6 14. f3 Nxc3 15.
bxc3 O-O 16. Re1 Bh7 17. e4 Rd8 18. Qb3 b6 19. cxb6 Rb8 20. Qa4 Rxb6 21. Qxa7
Rb7 22. Qa6 c5 23. Nc6 Re8 24. Nxe7+ Rbxe7 25. Qxc8 Rxc8 26. Bd6 Ra7 27. Bxc5
Rxa2 28. exd5 Nxd5 29. f4 Bd3 30. Be4 Bxe4 31. Rxe4 Rb8 32. c4 Nc3 33. Ree1 Ne2+
34. Rxe2 Rxe2 35. d5 exd5 36. cxd5 Rd2 37. d6 Rc8 38. Rc3 f5 39. Bb4 Rxc3 40.
Bxc3 Rxd6 41. Kf2 Kf7 42. Ke3 Rc6 43. Kd3 Ra6 44. h3 Ra2 45. Ke3 g6 46. Bb4 Rb2
47. Bc3 Rb3 48. Kd4 Ke6 49. g4 Rb1 50. g5 hxg5 51. fxg5 Rh1 52. Bd2 Rxh3 53. Bf4
Rh4 54. Ke3 Kd5 55. Bc7 Re4+ 56. Kf3 Kd4 57. Bb6+ Kd3 58. Bc7 Re1 59. Kf2 Re7
60. Bd6 Re6 61. Bf4 Ke4 62. Kg3 Rc6 63. Bd2 Rc2 64. Bf4 Rc3+ 65. Kh4 Kf3 66. Bg3
Kg2 0-1

[Event "World Rapid Women 2019"]
[Site "Moscow RUS"]
[Date "2019.12.26"]
[Round "4.46"]
[White "Nebolsina, Vera"]
[Black "Bulatova, Kamaliya"]
[Result "1-0"]
[WhiteTitle "WGM"]
[BlackTitle "WFM"]
[WhiteElo "2240"]
[BlackElo "2143"]
[WhiteFideId "4163591"]
[BlackFideId "34111546"]
[EventDate "2019.12.26"]
[EventType "rapid"]

1. e4 c5 2. Nc3 d6 3. Bc4 e6 4. d3 Ne7 5. a3 Nbc6 6. Nf3 d5 7. Ba2 d4 8. Ne2 Ng6
9. O-O Bd6 10. h3 O-O 11. Nh2 e5 12. Ng3 Nf4 13. Nf5 Bxf5 14. exf5 Qf6 15. Bxf4
exf4 16. Qh5 Ne7 17. g4 fxg3 18. fxg3 Qe5 19. Qf3 Qxg3+ 20. Qxg3 Bxg3 21. f6 Ng6
22. Rf5 Rae8 23. Raf1 Bxh2+ 24. Kxh2 Re2+ 25. Kg3 gxf6 26. Rxc5 Ne5 27. Rxf6 Kh8
28. Rd6 Rg8+ 29. Kf4 Re8 30. Rxd4 Ng6+ 31. Kg5 f6+ 32. Kh6 R2e3 33. h4 Ne5 34.
Rc7 1-0

[Event "World Rapid Women 2019"]
[Site "Moscow RUS"]
[Date "2019.12.26"]
[Round "4.47"]
[White "Getman, Tatyana"]
[Black "Gevorgyan, Maria"]
[Result "1-0"]
[WhiteTitle "WFM"]
[BlackTitle "WGM"]
[WhiteElo "2265"]
[BlackElo "2255"]
[WhiteFideId "34166146"]
[BlackFideId "13300270"]
[EventDate "2019.12.26"]
[EventType "rapid"]

1. d4 Nf6 2. c4 c5 3. d5 e6 4. Nc3 exd5 5. cxd5 d6 6. e4 g6 7. h3 Bg7 8. Nf3 O-O
9. Bd3 Nh5 10. O-O Nd7 11. Be3 a6 12. a4 Ne5 13. Be2 Nxf3+ 14. Bxf3 Nf6 15. Bf4
Ne8 16. Re1 Qe7 17. Bg4 Bxg4 18. hxg4 Be5 19. Qf3 Nf6 20. Qg3 Bxf4 21. Qxf4 Nd7
22. Qg3 Rfe8 23. Re2 Rab8 24. f4 f6 25. Qd3 Rbc8 26. Qc4 Qg7 27. Rae1 g5 28. e5
fxe5 29. Ne4 gxf4 30. Nxd6 Qxg4 31. Nxc8 Rxc8 32. Rxe5 Nxe5 33. Rxe5 Qd1+ 34.
Kh2 Rf8 35. d6+ Kh8 36. Qxc5 Qg4 37. Qd4 Kg8 38. d7 Qg3+ 39. Kg1 f3 40. Qd5+ Kh8
41. Qxf3 Rxf3 42. d8=Q+ Kg7 43. Rg5+ 1-0

[Event "World Rapid Women 2019"]
[Site "Moscow RUS"]
[Date "2019.12.26"]
[Round "4.48"]
[White "Nosacheva, Mariya"]
[Black "Styazhkina, Anna"]
[Result "0-1"]
[WhiteTitle "WFM"]
[BlackTitle "WIM"]
[WhiteElo "2243"]
[BlackElo "2289"]
[WhiteFideId "34111422"]
[BlackFideId "24119300"]
[EventDate "2019.12.26"]
[EventType "rapid"]

1. e4 e5 2. Nf3 Nc6 3. Bb5 a6 4. Ba4 Nf6 5. O-O Bc5 6. d3 b5 7. Bb3 d6 8. a4 Rb8
9. h3 Be6 10. Nbd2 O-O 11. c3 h6 12. Re1 Nh5 13. d4 Bxb3 14. Nxb3 Bb6 15. d5 Na7
16. a5 Bc5 17. Nxc5 dxc5 18. Nxe5 Nf6 19. Ng4 Re8 20. Qf3 Nxg4 21. Qxg4 Qf6 22.
Be3 Nc8 23. Bxc5 Nd6 24. Re3 Nc4 25. Rg3 Ne5 26. Qh5 Ng6 27. Re1 Rbd8 28. Bd4
Qf4 29. Rge3 Qd6 30. g3 c5 31. dxc6 Qxc6 32. f4 Qc4 33. e5 b4 34. f5 bxc3 35.
bxc3 Ne7 36. Re4 Qc8 37. e6 f6 38. Qf7+ Kh8 39. Bxf6 gxf6 40. Qxf6+ Kh7 41. Qf7+
Kh8 42. Qf6+ Kh7 43. Qf7+ Kh8 44. f6 Nf5 45. Re5 Rg8 46. Rxf5 Rxg3+ 47. Kf2 Qxc3
48. Re2 Rdg8 49. Qa7 Rg2+ 50. Kf1 Qc1+ 51. Re1 Qc4+ 0-1

[Event "World Rapid Women 2019"]
[Site "Moscow RUS"]
[Date "2019.12.26"]
[Round "4.49"]
[White "Guindy, Esmat Susanne"]
[Black "Nazarova, Anastasia"]
[Result "0-1"]
[WhiteTitle "WFM"]
[BlackTitle "WFM"]
[WhiteElo "2120"]
[BlackElo "2176"]
[WhiteFideId "1401637"]
[BlackFideId "34101737"]
[EventDate "2019.12.26"]
[EventType "rapid"]

1. c4 e6 2. Nc3 d5 3. d4 Nf6 4. Bg5 Be7 5. e3 Nbd7 6. Qc2 h6 7. Bh4 O-O 8. cxd5
exd5 9. Bd3 c6 10. Nge2 Re8 11. h3 Ne4 12. Bxe7 Qxe7 13. Bxe4 dxe4 14. Ng3 Nf6
15. O-O h5 16. Rae1 h4 17. Nge2 Bf5 18. f3 exf3 19. Qxf5 Qxe3+ 20. Kh2 fxe2 21.
Rxe2 Qxd4 22. Qf4 Qxf4+ 23. Rxf4 Rxe2 24. Nxe2 Rd8 25. Nd4 Rd5 26. Nf3 Ra5 27.
a3 Rb5 28. b4 Rd5 29. Rxh4 b5 30. Nd4 g5 31. Nxc6 gxh4 32. Ne7+ Kg7 33. Nxd5
Nxd5 0-1

[Event "World Rapid Women 2019"]
[Site "Moscow RUS"]
[Date "2019.12.26"]
[Round "4.50"]
[White "Bogumil, Tatiana"]
[Black "Gvetadze, Sofio"]
[Result "0-1"]
[WhiteTitle "WGM"]
[BlackTitle "IM"]
[WhiteElo "2182"]
[BlackElo "2301"]
[WhiteFideId "4110579"]
[BlackFideId "13601440"]
[EventDate "2019.12.26"]
[EventType "rapid"]

1. Nf3 Nf6 2. c4 g6 3. b3 Bg7 4. Bb2 O-O 5. g3 c5 6. Bg2 Nc6 7. O-O d6 8. Nc3 a6
9. d4 cxd4 10. Nxd4 Bd7 11. Nc2 Rc8 12. e4 Qa5 13. Ne3 Nxe4 14. Bxe4 Bxc3 15.
Bxc3 Qxc3 16. Nd5 Qg7 17. Nb6 Rcd8 18. Rc1 Bh3 19. Re1 Rfe8 20. Rc2 Bf5 21. Rd2
Bxe4 22. Rxe4 f5 23. Re3 Qf8 24. Red3 Ne5 25. Rc3 e6 26. h3 Qe7 27. f4 Nf7 28.
Qf3 Qc7 29. Qf2 d5 30. c5 Nd6 31. cxd6 Qxc3 32. Rc2 Qa1+ 33. Kh2 Rxd6 34. Re2
Qc3 35. Rc2 Qb4 36. Na4 Rc6 37. Re2 Rec8 38. Qe3 Qe4 0-1

[Event "World Rapid Women 2019"]
[Site "Moscow RUS"]
[Date "2019.12.26"]
[Round "4.51"]
[White "Solozhenkina, Elizaveta"]
[Black "Ovezdurdiyeva, Jemal"]
[Result "0-1"]
[WhiteTitle "WIM"]
[BlackTitle "WFM"]
[WhiteElo "2329"]
[BlackElo "2061"]
[WhiteFideId "34106615"]
[BlackFideId "14001888"]
[EventDate "2019.12.26"]
[EventType "rapid"]

1. e4 c5 2. Nf3 d6 3. d4 cxd4 4. Nxd4 Nf6 5. f3 a6 6. c4 Nc6 7. Nc3 e5 8. Nb3
Be6 9. Be3 Be7 10. Be2 O-O 11. O-O Rc8 12. Rc1 Nh5 13. g3 Bg5 14. Qd2 Bxe3+ 15.
Qxe3 Qf6 16. Nd5 Bxd5 17. cxd5 Ne7 18. Na5 Qg6 19. Kh1 f5 20. Nxb7 f4 21. gxf4
Nxf4 22. Qf2 Qg5 23. Rc3 Rxc3 24. bxc3 Rc8 25. c4 Rb8 26. Rb1 Neg6 27. c5 Nh3
28. Qg3 Rxb7 29. Rd1 Qxg3 0-1

[Event "World Rapid Women 2019"]
[Site "Moscow RUS"]
[Date "2019.12.26"]
[Round "4.52"]
[White "Karavaeva, Olga"]
[Black "Tomilova, Elena"]
[Result "0-1"]
[WhiteTitle "WIM"]
[BlackTitle "WGM"]
[WhiteElo "2260"]
[BlackElo "2341"]
[WhiteFideId "4124111"]
[BlackFideId "4162340"]
[EventDate "2019.12.26"]
[EventType "rapid"]

1. c4 c5 2. Nc3 Nc6 3. g3 g6 4. Bg2 Bg7 5. Nf3 e6 6. b3 Nh6 7. Bb2 Nf5 8. Na4
Bxb2 9. Nxb2 O-O 10. O-O d5 11. cxd5 exd5 12. Rc1 b6 13. d3 Bb7 14. e4 Nfd4 15.
Re1 Nxf3+ 16. Qxf3 Nd4 17. Qf4 Qd7 18. h4 h5 19. Kh2 Rae8 20. Rcd1 Kg7 21. Rd2
Re7 22. Nd1 Ne6 23. Qe3 d4 24. Qe2 Nc7 25. f4 f5 26. e5 Bxg2 27. Qxg2 Nd5 28. a4
Rd8 29. Qf3 b5 30. Ra2 Nb4 31. Rd2 bxa4 32. bxa4 Qxa4 33. Nb2 Qb3 34. Nc4 Nd5
35. Ra1 Qc3 36. Rda2 Rdd7 37. Nd6 Nb4 38. Ra6 Qd2+ 39. Kh1 Qxd3 40. Nxf5+ Qxf5
41. Rf6 Qh3+ 42. Kg1 Re6 43. f5 Rxf6 44. exf6+ Kxf6 45. fxg6+ Kxg6 46. Rf1 Qe6
47. Qf8 Nd5 48. Qxc5 d3 49. Rf8 Qe3+ 0-1

[Event "World Rapid Women 2019"]
[Site "Moscow RUS"]
[Date "2019.12.26"]
[Round "4.53"]
[White "Semenova, Elena1"]
[Black "Gansvind, Valeriya I."]
[Result "1-0"]
[WhiteTitle "WIM"]
[BlackTitle "WFM"]
[WhiteElo "2290"]
[BlackElo "2081"]
[WhiteFideId "24125148"]
[BlackFideId "4109821"]
[EventDate "2019.12.26"]
[EventType "rapid"]

1. e4 c5 2. Nf3 e6 3. d4 cxd4 4. Nxd4 a6 5. Bd3 Qb6 6. Nb3 Qc7 7. c4 d6 8. Nc3
Nf6 9. O-O Be7 10. Be3 Nbd7 11. f4 b6 12. a4 Nc5 13. a5 Nxd3 14. axb6 Nxb2 15.
bxc7 Nxd1 16. Rfxd1 O-O 17. Na5 Nd7 18. Rab1 Re8 19. Na4 Bf8 20. Kf2 f6 21. Nc6
g6 22. Nb8 Nc5 23. Bxc5 dxc5 24. Rd8 Kf7 25. Nb6 Ra7 26. Rxc8 Rxc8 27. Nxc8 Rxc7
28. Nb6 Rb7 29. Nc6 Ke8 30. Na5 Rb8 31. Rb3 Bd6 32. Na4 Rxb3 33. Nxb3 Bxf4 34.
Naxc5 Ke7 35. g3 Be5 36. Nxa6 f5 37. Ke3 g5 38. Nb4 f4+ 39. Kf3 Bc3 40. Nd3 fxg3
41. hxg3 h5 42. Nbc1 Ba5 43. Ne2 Bc7 44. Nd4 h4 45. gxh4 gxh4 46. e5 Kd7 47. Kg4
Bd8 48. Nc5+ Kc8 49. Ncxe6 Be7 50. c5 Kb7 51. c6+ Kc8 52. c7 Kd7 53. Nf5 Bb4 54.
Nd6 Bxd6 55. exd6 Kc8 56. Nf4 h3 57. Kxh3 Kd7 58. Nd5 1-0

[Event "World Rapid Women 2019"]
[Site "Moscow RUS"]
[Date "2019.12.26"]
[Round "4.54"]
[White "Paramzina, Anastasya"]
[Black "Belenkaya, Dina"]
[Result "1/2-1/2"]
[WhiteTitle "WGM"]
[BlackTitle "WGM"]
[WhiteElo "2224"]
[BlackElo "2298"]
[WhiteFideId "4165012"]
[BlackFideId "24142654"]
[EventDate "2019.12.26"]
[EventType "rapid"]

1. e4 d5 2. exd5 Qxd5 3. Nc3 Qa5 4. Nf3 c6 5. h3 Bf5 6. Bc4 e6 7. O-O Nf6 8. Re1
Be7 9. a3 O-O 10. Nh4 Bg6 11. Nxg6 hxg6 12. Ba2 Nbd7 13. b4 Qc7 14. Rb1 Rad8 15.
d3 Nb6 16. Bd2 Rd7 17. Qf3 Rfd8 18. Ne4 Nxe4 19. Rxe4 Bf6 20. h4 Rd4 21. Rxd4
Rxd4 22. g3 Qd8 23. Kg2 e5 24. Be3 Rd7 25. Rh1 Nd5 26. Bc1 Rd6 27. Bb3 Qd7 28.
g4 Bd8 29. g5 Qf5 30. Qxf5 gxf5 31. Re1 Re6 32. Bb2 Bc7 33. Kf3 Kf8 34. Bc1 g6
35. c4 Nb6 36. a4 Re8 37. a5 Nd7 38. Be3 a6 39. Bd2 Kg7 40. Bc3 Rh8 41. Rh1 f6
42. gxf6+ Kxf6 43. d4 exd4 44. Bxd4+ Be5 45. Be3 Bc3 46. Bg5+ Kg7 47. Rd1 Ne5+
48. Kf4 Re8 49. Rd6 Kh7 50. Bf6 Kh6 51. Bg5+ Kh7 52. Bf6 Nd3+ 53. Kf3 Bxf6 54.
Rxf6 Re7 55. b5 Nc5 56. Bc2 cxb5 57. cxb5 Nd7 58. Rd6 axb5 59. Kf4 Kh6 60. Bxf5
Ne5 61. Be4 Kh5 62. Rd5 g5+ 63. hxg5 Nc4 64. Rxb5 Rxe4+ 65. Kxe4 Nd6+ 66. Kd5
Nxb5 67. Kc5 Na3 68. f4 Kg6 69. Kb4 Nc2+ 70. Kb5 Ne3 71. Kb6 Nc4+ 72. Kxb7 1/2-1/2

[Event "World Rapid Women 2019"]
[Site "Moscow RUS"]
[Date "2019.12.26"]
[Round "4.55"]
[White "Potapova, Margarita"]
[Black "Fominykh, Maria"]
[Result "1/2-1/2"]
[WhiteTitle "WFM"]
[BlackTitle "WGM"]
[WhiteElo "2307"]
[BlackElo "2206"]
[WhiteFideId "14126869"]
[BlackFideId "4142411"]
[EventDate "2019.12.26"]
[EventType "rapid"]

1. d4 d6 2. e4 Nf6 3. Nc3 Nbd7 4. Nf3 e5 5. Bc4 Be7 6. O-O O-O 7. Re1 c6 8. a4
b6 9. d5 Bb7 10. b3 cxd5 11. Nxd5 Bxd5 12. Bxd5 Nxd5 13. Qxd5 Qc7 14. c4 a5 15.
Ba3 Nc5 16. Bxc5 bxc5 17. Rad1 Rab8 18. Rd3 g6 19. Nd2 Qb7 20. Qxb7 Rxb7 21. g3
f5 22. f3 Rf6 23. Nb1 Bf8 24. Na3 Kf7 25. Nb5 fxe4 26. fxe4 Ke6 27. Red1 Kd7 28.
Rf1 Rxf1+ 29. Kxf1 Ke6 30. Kg2 Rd7 31. Rf3 Be7 32. Kf1 Rb7 33. Ke2 Bg5 34. Kd3
h5 35. Kc2 h4 36. gxh4 Bxh4 37. Rf8 Rh7 38. Rf3 Be1 39. h3 Bh4 40. Kd1 Bd8 41.
Ke2 Rh4 42. Nc3 Bg5 43. Rg3 Rh5 44. h4 Bxh4 45. Rxg6+ Kd7 46. Nd5 Bd8 47. Rg7+
Ke6 48. Rg8 Rh2+ 49. Kf3 Kd7 50. Rg2 Rh3+ 51. Rg3 Rh2 52. Kg4 Ke6 53. Rf3 Rg2+
54. Kh3 Rb2 55. Kg3 Rb1 56. Rd3 Rg1+ 57. Kf2 Rb1 58. Ke2 Rh1 59. Kd2 Rh2+ 60.
Kc3 Re2 61. Re3 Rh2 62. Kd3 Rb2 63. Kc3 Rh2 64. Rg3 Re2 65. Rg4 Re1 66. Kc2 Re2+
67. Kb1 Re1+ 68. Kb2 Re2+ 69. Ka3 Rh2 70. Rg8 Kd7 71. Rg7+ Ke6 72. Rg6+ Kd7 73.
Rg7+ 1/2-1/2

[Event "World Rapid Women 2019"]
[Site "Moscow RUS"]
[Date "2019.12.26"]
[Round "4.56"]
[White "Garifullina, Leya"]
[Black "Tsogzolmaa, Nanjid"]
[Result "1/2-1/2"]
[WhiteTitle "WIM"]
[WhiteElo "2308"]
[BlackElo "1884"]
[WhiteFideId "34127035"]
[BlackFideId "4903099"]
[EventDate "2019.12.26"]
[EventType "rapid"]

1. e4 e6 2. d4 d5 3. Nc3 dxe4 4. Nxe4 Nf6 5. Ng3 c5 6. Bb5+ Bd7 7. Bxd7+ Nbxd7
8. dxc5 Bxc5 9. Nf3 O-O 10. O-O Rc8 11. c3 Nb6 12. Qe2 Qc7 13. b3 Nbd5 14. c4
Nf4 15. Qd2 Ng6 16. Bb2 Rfd8 17. Qc2 Qf4 18. Bc1 Qg4 19. Kh1 e5 20. h3 Qe6 21.
Bb2 Re8 22. Rae1 Nd7 23. Qf5 Qxf5 24. Nxf5 f6 25. Rd1 Ndf8 26. Nd2 Ne7 27. Ng3
Ne6 28. Nde4 Rc7 29. Nxc5 Nxc5 30. Ba3 Ne6 31. Ne2 Nc6 32. Bb2 Rd8 33. Rxd8+
Ncxd8 34. Rd1 Kf7 35. g3 Nc6 36. Kg2 Nb4 37. a3 Nc6 38. Bc3 b6 39. f4 exf4 40.
Nxf4 Nxf4+ 41. gxf4 Ne7 42. Be1 Nf5 43. Bf2 Ke7 44. Rd5 g6 45. Kf3 Rd7 46. Rxd7+
Kxd7 47. Ke4 Kc6 48. b4 Nd6+ 49. Kd3 a6 50. a4 g5 51. b5+ axb5 52. axb5+ Kb7 53.
fxg5 fxg5 54. Kd4 h5 55. Kd5 Nc8 56. Ke6 g4 57. h4 Kc7 58. Bg3+ Kd8 59. Kf5 Kd7
60. Kg5 Nd6 61. Kxh5 Nxc4 62. Kxg4 Ke7 63. Be1 Kf7 64. Bb4 Ne3+ 65. Kf3 Nd5 66.
Bd2 Nc7 67. h5 Nxb5 68. h6 Kg6 69. Ke4 Nd6+ 70. Kd5 Nf7 71. Kc6 Nxh6 72. Kxb6 1/2-1/2